• 首页
  • 本馆介绍
  • 公告通知
  • 最新文献
  • 馆藏检索
  • 电子资源
  • 读者导购
  • 参考咨询
  • 我的图书馆
  • 登录
  • 详细信息显示
  • 放入我的书架
  • 预约/预借图书
  • 作者相关作品
  • 分类相关作品
  • 丛书相关作品
  • 出版社相关作品

书目信息

  • 表格格式
  • 工作单格式
  • 卡片格式
题名:
中国旅游产业转型年度报告
    
 
作者: 张辉 , 秦宇 编著
分册: 2005  
出版信息: 北京   旅游教育出版社  2006
页数: 308页
开本: 21cm
丛书名:
单 册:
中图分类: F592.3
科图分类:
主题词: 旅游业--经济发展--研究报告--中国--2005 , 旅游业 , 经济发展
电子资源:
ISBN: 7-5637-1399-9
000 01234nam0 2200289 450
001 003366878
005 20070807150135.17
010    @a7-5637-1399-9@dCNY20.00
035    @a003366878
100    @a20060104d2006 em y0chiy0110 ea
101 0  @achi
102    @aCN@b110000
105    @ay iz 000yy
106    @ar
200 1  @a中国旅游产业转型年度报告@Azhong guo lv you chan ye zhuan xing nian du bao gao@h2005@dAnnual report of Chinese tourism industry transition 2005@e走向开放与联合的中国旅游业@Ezou xiang kai fang yu lian he de zhong guo lu^ you ye@f张辉,秦宇等编著@Fzhang hui, qin yu deng bian zhu@zeng
210    @a北京@c旅游教育出版社@d2006
215    @a308页@d21cm
330    @a本报告中,以“开放和联合”为重点,描述了我国旅游产业在近年来发生的一些变化。研究内容为“走向开放与联合的中国旅游业”、“入境旅游市场”、“国内旅游市场”、“开放与联合形势下的饭店业”等。
510 1  @aAnnual report of Chinese tourism industry transition 2005@zeng
606 0  @a旅游业@x经济发展@x研究报告@y中国@z2005
606 0  @a旅游业
606 0  @a经济发展
690    @aF592.3@v4
701  0 @a张辉@Azhang hui@c(教授)@4编著
701  0 @a秦宇@Aqin yu@f(1973~)@4编著
801  0 @aCN@bNLC@c20070807
905    @dF592.3@e212(2005)@f1
    
    中国旅游产业转型年度报告.2005=Annual report of Chinese tourism industry transition 2005:走向开放与联合的中国旅游业/张辉,秦宇等编著.-北京:旅游教育出版社,2006
    308页;21cm
    
    
    ISBN 7-5637-1399-9:CNY20.00
    本报告中,以“开放和联合”为重点,描述了我国旅游产业在近年来发生的一些变化。研究内容为“走向开放与联合的中国旅游业”、“入境旅游市场”、“国内旅游市场”、“开放与联合形势下的饭店业”等。
●
相关链接 在E读中查询图书 在五车中查询图书 在当当中查询图书 在豆瓣中查询图书


正题名:中国旅游产业转型年度报告     索取号:F592.3/212(2005)         预约/预借

序号 登录号 条形码 馆藏地/架位号 状态 备注
1 0853379   208533791   第一样本阅览室/ [索取号:F592.3/212(2005)] 在馆    
唐山师范学院图书馆 欢迎您!
大连网信软件有限公司© 版权所有